[Event "XXV Festival Conca della Presolana A"]
[Site "Bratto - Castione della Presolana ITA"]
[Date "2005.08.24"]
[Round "5"]
[White "Tatai, Stefano"]
[Black "Drazic, Sinisa"]
[Result "1/2-1/2"]
[WhiteElo "2370"]
[BlackElo "2497"]
[PlyCount "135"]
[EventDate "2005.08.20"]

1. d4 Nf6 2. c4 g6 3. Nc3 d5 4. Nf3 Bg7 5. cxd5 Nxd5 6. e4 Nxc3 7. bxc3 c5 8.
Be3 O-O 9. Rc1 Qa5 10. Qd2 cxd4 11. cxd4 Qxd2+ 12. Nxd2 Nc6 13. Nb3 Rd8 14. d5
Nb4 15. a3 Na2 16. Rc2 Nc3 17. f3 Bd7 18. Nc5 Be8 19. Nxb7 Rdb8 20. Ba6 Bb5 21.
Nc5 Bxa6 22. Nxa6 Rb1+ 23. Bc1 f5 24. exf5 gxf5 25. Nb4 a5 26. Nd3 Nxd5 27. O-O
Bd4+ 28. Nf2 e5 29. Rd1 Rab8 30. Kf1 R8b3 31. f4 Rxc1 32. Rdxc1 Ne3+ 33. Ke2
Nxc2 34. Rxc2 Re3+ 35. Kf1 Rxa3 36. fxe5 Bxe5 37. g3 Kf7 38. Ke2 a4 39. Nd3 Bd6
40. Nf4 Rb3 41. Rc6 Rb2+ 42. Kd3 Bb4 43. Ra6 a3 44. Ra7+ Ke8 45. Kc4 Bd6 46.
Kd5 Bxf4 47. gxf4 a2 48. h4 Re2 49. Kd6 Kf8 50. h5 Kg8 51. Kd5 Kh8 52. Kd6 Kg8
53. Kd5 Kf8 54. Kd6 Ke8 55. h6 Kf8 56. Kd5 Ke8 57. Kd6 Re4 58. Rxa2 Kf7 59. Rg2
Kf6 60. Rg7 Rxf4 61. Rxh7 Rd4+ 62. Kc5 Rd8 63. Ra7 f4 64. h7 Kg6 65. Rd7 Rf8
66. Kd4 f3 67. h8=Q Rxh8 68. Ke3 1/2-1/2

[Event "XXV Festival Conca della Presolana A"]
[Site "Bratto - Castione della Presolana ITA"]
[Date "2005.08.24"]
[Round "5"]
[White "Temi, Walter"]
[Black "Gasperoni, Stefano"]
[Result "1-0"]
[WhiteElo "2092"]
[BlackElo "2021"]
[PlyCount "35"]
[EventDate "2005.08.20"]

1. e4 e5 2. Nf3 Nc6 3. Nc3 Nf6 4. Bb5 Nd4 5. Ba4 Bc5 6. Nxe5 O-O 7. Nd3 Bb6 8.
e5 Ne8 9. Nd5 Qg5 10. Ne3 d6 11. f4 Qg6 12. O-O Bf5 13. Nf2 dxe5 14. fxe5 c6
15. c3 Ne6 16. Nxf5 Qxf5 17. d4 Kh8 18. Bc2 1-0

[Event "XXV Festival Conca della Presolana A"]
[Site "Bratto - Castione della Presolana ITA"]
[Date "2005.08.24"]
[Round "5"]
[White "Vaccari, Sergio"]
[Black "Rigo, Gianfrancesco"]
[Result "1-0"]
[WhiteElo "2063"]
[BlackElo "2031"]
[PlyCount "97"]
[EventDate "2005.08.20"]

1. e4 e5 2. Nf3 Nc6 3. Bb5 a6 4. Ba4 Nf6 5. Qe2 b5 6. Bb3 Be7 7. c3 d6 8. d3
Na5 9. Bc2 c5 10. Nbd2 Nc6 11. O-O O-O 12. Rd1 Qc7 13. Nf1 d5 14. h3 Rd8 15.
Bg5 d4 16. g4 Be6 17. Bb3 c4 18. Bxf6 Bxf6 19. dxc4 Na5 20. cxd4 exd4 21. e5 d3
22. Qe4 bxc4 23. exf6 cxb3 24. Ng5 g6 25. Nxe6 fxe6 26. Qxe6+ Qf7 27. Qb6 Nc4
28. Qxb3 Qd5 29. Rac1 Ne5 30. Qxd5+ Rxd5 31. Kg2 Ra7 32. f4 Nd7 33. g5 Kf7 34.
Ne3 Rd6 35. Ng4 Ke6 36. Rc3 d2 37. Re3+ Kf7 38. Re2 h5 39. Ne5+ Nxe5 40. fxe5
Rb6 41. Rexd2 Ke6 42. Rd6+ Rxd6 43. exd6 Rd7 44. Kf3 Kf5 45. h4 Ke6 46. Ke4 a5
47. b3 a4 48. bxa4 Ra7 49. Rd4 1-0

[Event "XXV Festival Conca della Presolana A"]
[Site "Bratto - Castione della Presolana ITA"]
[Date "2005.08.24"]
[Round "5"]
[White "Vinciguerra, Marco"]
[Black "Papa, Angelo"]
[Result "1-0"]
[WhiteElo "2096"]
[BlackElo "1932"]
[PlyCount "55"]
[EventDate "2005.08.20"]

1. Nf3 d6 2. g3 Nf6 3. Bg2 e5 4. d3 Be7 5. O-O Nbd7 6. c4 c6 7. Nc3 Nf8 8. d4
Qc7 9. b3 Ng6 10. Bb2 Bd7 11. Qc2 Rd8 12. b4 h5 13. Ng5 h4 14. Nce4 Qc8 15.
Nxf7 Kxf7 16. Ng5+ Kg8 17. Qxg6 Rf8 18. Qd3 Ng4 19. Nf3 hxg3 20. fxg3 Rf5 21.
h3 Rfh5 22. hxg4 Bxg4 23. dxe5 dxe5 24. Nxe5 R8h6 25. Nxg4 Qxg4 26. Qf3 Qe6 27.
Rad1 Qxc4 28. Rd8+ 1-0

[Event "XXV Festival Conca della Presolana A"]
[Site "Bratto - Castione della Presolana ITA"]
[Date "2005.08.24"]
[Round "5"]
[White "Virzi, Ettore"]
[Black "Pegoraro, Nicola"]
[Result "0-1"]
[WhiteElo "2008"]
[BlackElo "2085"]
[PlyCount "66"]
[EventDate "2005.08.20"]

1. e4 c5 2. Nf3 d6 3. d4 cxd4 4. Nxd4 Nf6 5. Nc3 a6 6. Be3 e5 7. Nb3 Be6 8. f3
Nbd7 9. Qd2 Rc8 10. O-O-O b5 11. Kb1 Nb6 12. Qf2 Nfd7 13. g4 Be7 14. h4 Rxc3
15. bxc3 Na4 16. Bd2 O-O 17. Bd3 Qc7 18. Rdg1 d5 19. Qe1 Ba3 20. Bc1 Nxc3+ 21.
Ka1 Bb4 22. exd5 Bxd5 23. a3 Bd6 24. g5 Bxb3 25. cxb3 Qa5 26. Bb2 b4 27. a4 Bc5
28. Bxc3 bxc3 29. Rg2 Bd4 30. Rc2 Nc5 31. Bc4 Rb8 32. Rhh2 Nxb3+ 33. Bxb3 Rxb3
0-1

[Event "XXV Festival Conca della Presolana A"]
[Site "Bratto - Castione della Presolana ITA"]
[Date "2005.08.24"]
[Round "5"]
[White "Vocaturo, Daniele"]
[Black "Ranola, Yves"]
[Result "0-1"]
[WhiteElo "2372"]
[BlackElo "2466"]
[PlyCount "122"]
[EventDate "2005.08.20"]

1. e4 c5 2. Nf3 d6 3. d4 cxd4 4. Nxd4 Nf6 5. Nc3 g6 6. Be3 Bg7 7. f3 O-O 8. Qd2
Nc6 9. O-O-O Bd7 10. g4 Rc8 11. h4 Nxd4 12. Bxd4 Qa5 13. Kb1 e5 14. Be3 Be6 15.
a3 a6 16. h5 Rfd8 17. hxg6 fxg6 18. Bh3 d5 19. Nxd5 Qxd2 20. Nxf6+ Bxf6 21.
Rxd2 Rxd2 22. Bxd2 Rd8 23. Bc3 Bg7 24. Bg2 Bc4 25. g5 Be2 26. Re1 Bc4 27. Bh3
Kf7 28. b3 Bb5 29. a4 Bc6 30. Bg4 Re8 31. Rd1 h5 32. gxh6 Bxh6 33. Bd7 Re7 34.
Bxc6 bxc6 35. Rd6 Re6 36. Rd7+ Kf6 37. Ba5 Kg5 38. Rh7 Kh5 39. Bb4 Rf6 40. Bc3
Rxf3 41. Bxe5 g5 42. Bg7 Kg6 43. Rxh6+ Kxg7 44. Rxc6 g4 45. e5 g3 46. Rc4 Kg6
47. Rc6+ Kh5 48. Rc8 g2 49. Ka2 Rf1 50. e6 g1=Q 51. e7 Ra1+ 52. Kb2 Qc1+ 53.
Kc3 Qe3+ 54. Kb2 Re1 55. e8=Q+ Qxe8 56. Rxe8 Rxe8 57. Kc3 Kg6 58. Kd4 Rc8 59.
c4 Kf6 60. b4 Ke6 61. c5 Rh8 0-1

[Event "XXV Festival Conca della Presolana A"]
[Site "Bratto - Castione della Presolana ITA"]
[Date "2005.08.24"]
[Round "5"]
[White "Zoldan, Matteo"]
[Black "Ranfagni, Stefano"]
[Result "1/2-1/2"]
[WhiteElo "2114"]
[BlackElo "1934"]
[PlyCount "69"]
[EventDate "2005.08.20"]

1. e4 e6 2. d4 d5 3. Nc3 dxe4 4. Nxe4 Nd7 5. Nf3 Ngf6 6. Nxf6+ Nxf6 7. Bg5 Be7
8. Bd3 h6 9. Bh4 Bd7 10. Qe2 Nd5 11. Bg3 c5 12. O-O-O cxd4 13. Nxd4 Rc8 14.
Rhe1 Qa5 15. Bc4 Nc3 16. bxc3 Qxc3 17. Nb5 Bxb5 18. Bxb5+ Kf8 19. Be5 Ba3+ 20.
Kb1 Qb4+ 21. Ka1 Kg8 22. Rb1 Qa5 23. Bd3 Bb4 24. Bxg7 Bxe1 25. Bxh8 Bc3+ 26.
Bxc3 Qxc3+ 27. Rb2 Rc5 28. f4 e5 29. Qe4 exf4 30. Qh7+ Kf8 31. Qxh6+ Ke8 32.
Qxf4 Qe1+ 33. Rb1 Qc3+ 34. Rb2 Qe1+ 35. Rb1 1/2-1/2

[Event "XXV Festival Conca della Presolana A"]
[Site "Bratto - Castione della Presolana ITA"]
[Date "2005.08.25"]
[Round "6"]
[White "Borgo, Giulio"]
[Black "Iordachescu, Viorel"]
[Result "1/2-1/2"]
[WhiteElo "2380"]
[BlackElo "2606"]
[PlyCount "117"]
[EventDate "2005.08.20"]

1. e4 c5 2. Nf3 e6 3. b3 a6 4. Bb2 Nc6 5. g3 d6 6. d4 cxd4 7. Nxd4 Bd7 8. Bg2
Nf6 9. O-O Be7 10. Nd2 Rc8 11. Nxc6 Bxc6 12. c4 O-O 13. Qe2 Nd7 14. Nf3 b5 15.
Rfd1 bxc4 16. Qxc4 Bb7 17. Qe2 Qb6 18. Bd4 Qb5 19. Qe3 e5 20. Ba7 Nf6 21. Nd2
d5 22. Qb6 dxe4 23. Nc4 Ra8 24. a4 Qxb6 25. Bxb6 Bd5 26. Rab1 Bxc4 27. bxc4
Rfc8 28. Rbc1 Bc5 29. a5 Rc6 30. Rd8+ Rxd8 31. Bxd8 h5 32. Rb1 g6 33. Rb8 Kg7
34. Kf1 Bd4 35. Rb4 Bc5 36. Rb7 Bd4 37. Rc7 Re6 38. h3 Ne8 39. Rd7 Nd6 40. Ke2
Kf8 41. Bc7 Ne8 42. Bxe4 Nxc7 43. Rxc7 Rf6 44. f3 Bc3 45. Rc8+ Kg7 46. Bd5 h4
47. g4 Rd6 48. Rc7 Bxa5 49. Rxf7+ Kh6 50. Kd3 Rb6 51. Rb7 Kg5 52. Ke4 Rxb7 53.
Bxb7 Kf6 54. Kd5 g5 55. Bxa6 Ke7 56. Kxe5 Bd2 57. c5 Bf4+ 58. Kd5 Kd7 59. Bd3
1/2-1/2

[Event "XXV Festival Conca della Presolana A"]
[Site "Bratto - Castione della Presolana ITA"]
[Date "2005.08.25"]
[Round "6"]
[White "Brancaleoni, Maurizio"]
[Black "Scotti, Umberto"]
[Result "1-0"]
[WhiteElo "2314"]
[BlackElo "2158"]
[PlyCount "65"]
[EventDate "2005.08.20"]

1. Nf3 Nc6 2. e4 e5 3. Bb5 a6 4. Ba4 Nf6 5. O-O Be7 6. Re1 b5 7. Bb3 O-O 8. d4
d6 9. c3 Bg4 10. d5 Na5 11. Bc2 Ne8 12. Nbd2 g6 13. b4 Nb7 14. a4 Ng7 15. Qe2
bxa4 16. Bxa4 f5 17. Bc6 Ra7 18. h3 fxe4 19. hxg4 exf3 20. Nxf3 Qc8 21. Be3 Ra8
22. Rxa6 Rb8 23. Ba7 Nd8 24. Bxb8 Nxc6 25. Rxc6 Qxb8 26. Nd2 Qc8 27. Ne4 Rf4
28. g3 Rf8 29. Ra1 h5 30. Ra7 Ne8 31. b5 Qb8 32. b6 Bd8 33. Qa6 1-0

[Event "XXV Festival Conca della Presolana A"]
[Site "Bratto - Castione della Presolana ITA"]
[Date "2005.08.25"]
[Round "6"]
[White "Brunner, Nicolas"]
[Black "Baldazzi, Stefano"]
[Result "1-0"]
[WhiteElo "2386"]
[BlackElo "2165"]
[PlyCount "79"]
[EventDate "2005.08.20"]

1. d4 Nf6 2. c4 c5 3. d5 b5 4. cxb5 a6 5. bxa6 Bxa6 6. Nc3 d6 7. Nf3 g6 8. g3
Bg7 9. Bg2 O-O 10. O-O Nbd7 11. Rb1 Qa5 12. Bd2 Rfb8 13. b3 Ra7 14. Qc2 Qb4 15.
a4 Qb7 16. Ne1 Ne8 17. Nd3 Nc7 18. e4 e6 19. Rfe1 exd5 20. exd5 Qb6 21. Bf4 Qa5
22. Bd2 Qb6 23. Bf4 Qa5 24. Ne4 Bxd3 25. Qxd3 Ne5 26. Qd1 Qb6 27. Nd2 Na6 28.
Bxe5 Bxe5 29. Nc4 Qc7 30. Nxe5 dxe5 31. d6 Qd8 32. Rxe5 Rd7 33. Bd5 Rxd6 34.
Qf3 Rf6 35. Re8+ Qxe8 36. Qxf6 Nb4 37. Bc4 Rb7 38. Rd1 Re7 39. Rd8 Qxd8 40.
Bxf7+ 1-0

[Event "XXV Festival Conca della Presolana A"]
[Site "Bratto - Castione della Presolana ITA"]
[Date "2005.08.25"]
[Round "6"]
[White "Campini, Marco"]
[Black "Forato, Enrico"]
[Result "1-0"]
[WhiteElo "2130"]
[BlackElo "1974"]
[PlyCount "67"]
[EventDate "2005.08.20"]

1. e4 c5 2. Nf3 d6 3. d4 cxd4 4. Nxd4 Nf6 5. Nc3 e6 6. Be2 Nbd7 7. f4 Be7 8.
O-O O-O 9. Kh1 a6 10. Be3 Qc7 11. Bf3 Nb6 12. Bg1 d5 13. e5 Nfd7 14. Bg4 Nc5
15. Qf3 Nc4 16. b4 Ne4 17. Nxe4 dxe4 18. Qc3 b5 19. a4 Bd7 20. Rfe1 bxa4 21.
Rxe4 Qb7 22. Qe1 Bxb4 23. Rb1 Nd2 24. Qxd2 Qxe4 25. Rxb4 a5 26. Bf3 Qg6 27. Rb7
a3 28. Rxd7 a2 29. Nb3 Rab8 30. Rb7 a4 31. Na1 h6 32. Qb4 Rxb7 33. Qxb7 Qf5 34.
Qb4 1-0

[Event "XXV Festival Conca della Presolana A"]
[Site "Bratto - Castione della Presolana ITA"]
[Date "2005.08.25"]
[Round "6"]
[White "Cardili, Mariano"]
[Black "Papa, Angelo"]
[Result "1-0"]
[WhiteElo "2076"]
[BlackElo "1932"]
[PlyCount "85"]
[EventDate "2005.08.20"]

1. d4 d6 2. c4 e5 3. d5 f5 4. Nc3 Nf6 5. Qc2 Be7 6. e4 fxe4 7. Nge2 O-O 8. Ng3
Nbd7 9. Ngxe4 Nxe4 10. Nxe4 Nf6 11. Bd3 Nxe4 12. Bxe4 g6 13. Bh6 Rf6 14. O-O
Bf5 15. b4 b6 16. Rac1 Qd7 17. Be3 Bxe4 18. Qxe4 Qa4 19. Qb1 Qd7 20. Qb3 Rff8
21. c5 Rfb8 22. cxb6 axb6 23. b5 Ra5 24. a4 Rba8 25. Rc4 Bd8 26. Rfc1 Qf7 27.
Qd1 Kg7 28. h4 R5a7 29. Bg5 Bxg5 30. hxg5 Rf8 31. Qd2 Kg8 32. R1c3 Rc8 33. Qd1
Rca8 34. Rf3 Qe7 35. Qc2 Rf8 36. Rfc3 Rc8 37. Rc6 Qf7 38. Rxd6 Rf8 39. Re6 Rxa4
40. Rf6 Ra1+ 41. Kh2 Qxd5 42. Rxg6+ Kf7 43. Rxc7+ 1-0

[Event "XXV Festival Conca della Presolana A"]
[Site "Bratto - Castione della Presolana ITA"]
[Date "2005.08.25"]
[Round "6"]
[White "Cardini, Saverio"]
[Black "Zoldan, Matteo"]
[Result "1/2-1/2"]
[WhiteElo "2010"]
[BlackElo "2114"]
[PlyCount "26"]
[EventDate "2005.08.20"]

1. d4 Nf6 2. Nf3 g6 3. Bf4 d6 4. e3 Bg7 5. Bd3 Nbd7 6. c3 O-O 7. O-O Re8 8. e4
e5 9. dxe5 dxe5 10. Be3 b6 11. Qc2 Bb7 12. Nbd2 Qe7 13. Rad1 h6 1/2-1/2

[Event "XXV Festival Conca della Presolana A"]
[Site "Bratto - Castione della Presolana ITA"]
[Date "2005.08.25"]
[Round "6"]
[White "Castaldo, Folco"]
[Black "Shytaj, Luca"]
[Result "1/2-1/2"]
[WhiteElo "2352"]
[BlackElo "2395"]
[PlyCount "31"]
[EventDate "2005.08.20"]

1. Nf3 Nf6 2. c4 c5 3. Nc3 g6 4. e4 d6 5. d4 cxd4 6. Nxd4 Bg7 7. Be2 O-O 8. O-O
Nc6 9. Nc2 b6 10. Bg5 Bb7 11. Qd2 Ne5 12. f3 Rc8 13. b3 Qc7 14. Rac1 Ned7 15.
Nd4 Rfe8 16. Rfd1 1/2-1/2

[Event "XXV Festival Conca della Presolana A"]
[Site "Bratto - Castione della Presolana ITA"]
[Date "2005.08.25"]
[Round "6"]
[White "Cazzaniga, Walter"]
[Black "Agnelli, Francesco"]
[Result "1/2-1/2"]
[WhiteElo "2123"]
[BlackElo "2055"]
[PlyCount "73"]
[EventDate "2005.08.20"]

1. d4 Nf6 2. c4 g6 3. Nc3 Bg7 4. Nf3 d6 5. e4 O-O 6. Be2 e5 7. d5 a5 8. Bg5 h6
9. Bh4 Qe8 10. Nd2 h5 11. a3 Nh7 12. f3 Na6 13. b4 Bh6 14. O-O Be3+ 15. Bf2
Bxf2+ 16. Rxf2 Qe7 17. Rb1 axb4 18. axb4 Qg5 19. Nb5 h4 20. Bd3 Nf6 21. Nf1 Nh5
22. Qd2 Nf4 23. Kh1 Kg7 24. Nc3 Qe7 25. Ne2 Nh5 26. Qc3 Nf6 27. Ne3 c5 28. Qd2
Nh5 29. Nc3 Rh8 30. Nf5+ Bxf5 31. exf5 Nb8 32. Ne4 Ng3+ 33. Kg1 Nxf5 34. Nxc5
Nd4 35. Ne4 f5 36. Ng5 Rh6 37. f4 {...} 1/2-1/2

[Event "XXV Festival Conca della Presolana A"]
[Site "Bratto - Castione della Presolana ITA"]
[Date "2005.08.25"]
[Round "6"]
[White "Cedriano, Filippo"]
[Black "Bracali, Andrea"]
[Result "1-0"]
[WhiteElo "2005"]
[BlackElo "2119"]
[PlyCount "103"]
[EventDate "2005.08.20"]

1. Nf3 d5 2. c4 c6 3. b3 Bf5 4. Bb2 e6 5. g3 h6 6. Bg2 Nf6 7. O-O Be7 8. d4 O-O
9. Nbd2 Nbd7 10. Re1 Ne4 11. Nxe4 Bxe4 12. Nd2 Bxg2 13. Kxg2 a5 14. a3 b5 15.
e4 dxe4 16. Nxe4 bxc4 17. bxc4 Nf6 18. Qf3 Qc7 19. d5 Nxe4 20. Qxe4 cxd5 21.
cxd5 Bc5 22. dxe6 fxe6 23. Qxe6+ Kh7 24. Qe4+ Kh8 25. f4 Rad8 26. Rad1 Qf7 27.
Qc6 Ba7 28. Qxh6+ Kg8 29. Qc6 Rc8 30. Qe4 Rc4 31. Qe5 Qb7+ 32. Kh3 Rc2 33.
Qxg7+ Qxg7 34. Bxg7 Rf7 35. Bh6 Ra2 36. Rd3 Bc5 37. Rd5 Bf2 38. Red1 Rxa3 39.
Rd8+ Kh7 40. Bg5 Ra2 41. R1d7 Rxd7 42. Rxd7+ Kg8 43. Kg4 Be1 44. Kf5 Bb4 45.
Kg6 Rc2 46. Rd8+ Bf8 47. f5 a4 48. f6 Rc6 49. Bh6 Rxf6+ 50. Kxf6 Kh7 51. Bxf8
a3 52. Bxa3 1-0

[Event "XXV Festival Conca della Presolana A"]
[Site "Bratto - Castione della Presolana ITA"]
[Date "2005.08.25"]
[Round "6"]
[White "Cereda, Loris"]
[Black "Andreoli, Renato"]
[Result "1/2-1/2"]
[WhiteElo "2059"]
[BlackElo "2154"]
[PlyCount "46"]
[EventDate "2005.08.20"]

1. e4 e5 2. Nc3 Nc6 3. Bc4 Nf6 4. d3 Bc5 5. Nf3 d6 6. Na4 Bb6 7. c3 Be6 8. Bxe6
fxe6 9. O-O O-O 10. Nxb6 axb6 11. Ng5 Qe7 12. Qb3 Rae8 13. f4 exf4 14. Bxf4 Kh8
15. Qc2 h6 16. Nh3 e5 17. Be3 Ng4 18. Qe2 Qh4 19. Rf3 Nd8 20. Raf1 Ne6 21.
Rxf8+ Rxf8 22. Rxf8+ Nxf8 23. Bf2 Nxf2 1/2-1/2

[Event "XXV Festival Conca della Presolana A"]
[Site "Bratto - Castione della Presolana ITA"]
[Date "2005.08.25"]
[Round "6"]
[White "Contin, Daniel"]
[Black "Corvi, Marco"]
[Result "1/2-1/2"]
[WhiteElo "2393"]
[BlackElo "2317"]
[PlyCount "75"]
[EventDate "2005.08.20"]

1. c4 f5 2. g3 Nf6 3. Bg2 d6 4. Nc3 e5 5. d3 Be7 6. f4 c6 7. Nf3 e4 8. dxe4
fxe4 9. Nd4 d5 10. cxd5 cxd5 11. Qa4+ Bd7 12. Qb3 Nc6 13. Be3 Na5 14. Qc2 Nc4
15. Bg1 Rc8 16. Qb3 Qa5 17. O-O-O b5 18. Nc2 b4 19. Nxd5 Ba4 20. Nxe7 Bxb3 21.
Nxc8 Bxc2 22. Rd4 b3 23. Bf2 O-O 24. Rxc4 Qxa2 25. Ne7+ Kf7 26. Nc6 Qa1+ 27.
Kd2 Qa6 28. Bd4 Kg8 29. Rc5 Re8 30. Rc1 Nd7 31. Rc3 Nb6 32. Ke1 Na4 33. Ra1 Qb5
34. Nxa7 Qb4 35. Nc6 Qb5 36. Na7 Qb4 37. Nc6 Qb5 38. Na7 1/2-1/2

[Event "XXV Festival Conca della Presolana A"]
[Site "Bratto - Castione della Presolana ITA"]
[Date "2005.08.25"]
[Round "6"]
[White "Costantini, Roberto"]
[Black "Sax, Gyula"]
[Result "1/2-1/2"]
[WhiteElo "2291"]
[BlackElo "2568"]
[PlyCount "38"]
[EventDate "2005.08.20"]

1. e4 c5 2. Nf3 e6 3. d4 cxd4 4. Nxd4 Nf6 5. Nc3 d6 6. Be3 a6 7. f3 b5 8. g4
Bb7 9. Qd2 Nc6 10. O-O-O Be7 11. Kb1 Rc8 12. h4 Ne5 13. Bd3 Nfd7 14. g5 Nb6 15.
Qe1 b4 16. Nce2 d5 17. Qg3 Nbc4 18. Bf4 Ng6 19. Bc1 Bd6 1/2-1/2

[Event "XXV Festival Conca della Presolana A"]
[Site "Bratto - Castione della Presolana ITA"]
[Date "2005.08.25"]
[Round "6"]
[White "De Santis, Alessio"]
[Black "Rendle, Thomas E."]
[Result "1-0"]
[WhiteElo "2251"]
[BlackElo "2358"]
[PlyCount "113"]
[EventDate "2005.08.20"]

1. Nf3 e6 2. e4 d5 3. exd5 exd5 4. d4 Bd6 5. Bd3 Ne7 6. c3 Bg4 7. Nbd2 Nbc6 8.
O-O Qd7 9. Re1 O-O 10. Qc2 Bf5 11. Nf1 Bxd3 12. Qxd3 Qf5 13. Qxf5 Nxf5 14. Ne3
Nxe3 15. Bxe3 f6 16. Re2 a5 17. a4 Rfe8 18. Kf1 Rab8 19. Bc1 Kf7 20. Rxe8 Rxe8
21. h3 h5 22. b3 g5 23. Ba3 Bxa3 24. Rxa3 Ne7 25. Ra1 Nf5 26. Re1 Rb8 27. Ke2
g4 28. hxg4 hxg4 29. Nd2 Re8+ 30. Kf1 Rh8 31. g3 Rc8 32. Ke2 Re8+ 33. Kf1 Rc8
34. Ke2 Re8+ 35. Kf1 Rh8 36. Ke2 b6 37. Kd3 Rh2 38. Rf1 Rh8 39. b4 Ra8 40. Ra1
Nd6 41. b5 Rh8 42. c4 dxc4+ 43. Nxc4 Nxc4 44. Kxc4 Rh2 45. Kd5 Rxf2 46. Rc1 Rf3
47. Rxc7+ Kg6 48. Kc6 Rxg3 49. Kxb6 Rb3 50. Rc1 f5 51. d5 g3 52. d6 Rd3 53. Kc7
f4 54. b6 g2 55. b7 Rc3+ 56. Rxc3 g1=Q 57. b8=Q 1-0

[Event "XXV Festival Conca della Presolana A"]
[Site "Bratto - Castione della Presolana ITA"]
[Date "2005.08.25"]
[Round "6"]
[White "Defend, Guerrino"]
[Black "Brigati, Alessandro"]
[Result "1/2-1/2"]
[WhiteElo "2000"]
[BlackElo "2034"]
[PlyCount "127"]
[EventDate "2005.08.20"]

1. d4 Nf6 2. Nf3 g6 3. Bf4 Bg7 4. e3 d6 5. h3 O-O 6. Be2 b6 7. O-O Bb7 8. c4
Nbd7 9. Nc3 Re8 10. Bh2 e5 11. Qc2 c6 12. Rad1 Qe7 13. Rfe1 Rac8 14. Qb3 Rc7
15. d5 Bf8 16. a4 Nc5 17. Qa2 a5 18. Qb1 Na6 19. Ne4 Nxe4 20. Qxe4 f5 21. Qb1
cxd5 22. cxd5 Rc5 23. Rd2 Nb4 24. Red1 Kh8 25. e4 Bh6 26. Bb5 Rd8 27. Re2 fxe4
28. Nd2 Bxd5 29. Nxe4 Bxe4 30. Rxe4 Qc7 31. b3 Rc2 32. Rc4 Rxc4 33. bxc4 Rf8
34. Qe4 Qc5 35. Rf1 Bf4 36. g3 Bd2 37. Kg2 Bc3 38. f3 Bd4 39. Bg1 Bxg1 40. Rxg1
Rc8 41. Rd1 Kg7 42. g4 Nc6 43. g5 Ne7 44. Qg4 Nf5 45. Re1 Rf8 46. Qe4 Nd4 47.
Rf1 Nxb5 48. cxb5 Qc7 49. Rd1 Rf4 50. Qc6 Qxc6 51. bxc6 Rc4 52. Rxd6 Kf8 53. c7
Rxc7 54. Rxb6 Rc4 55. Rb5 Rxa4 56. Rxe5 Kf7 57. Re1 Rb4 58. Rc1 Rb5 59. Rc7+
Ke6 60. Rxh7 Rxg5+ 61. Kf2 Rb5 62. Kg3 Rb4 63. Ra7 a4 64. Ra6+ 1/2-1/2

[Event "XXV Festival Conca della Presolana A"]
[Site "Bratto - Castione della Presolana ITA"]
[Date "2005.08.25"]
[Round "6"]
[White "Dervishi, Erald"]
[Black "Bellia, Fabrizio"]
[Result "1-0"]
[WhiteElo "2482"]
[BlackElo "2375"]
[PlyCount "135"]
[EventDate "2005.08.20"]

1. e4 e5 2. Nf3 Nc6 3. Bb5 a6 4. Ba4 Nf6 5. O-O Be7 6. d4 exd4 7. e5 Ne4 8.
Nxd4 Nxd4 9. Qxd4 Nc5 10. Nc3 O-O 11. Bg5 Bxg5 12. Qxc5 d6 13. exd6 cxd6 14.
Qd5 Bf6 15. Qf3 Qa5 16. Bb3 Bxc3 17. bxc3 Qc7 18. Rfd1 Be6 19. Rd3 Rac8 20.
Rad1 Rfd8 21. Qf4 d5 22. Qd4 Rd7 23. h4 Qc5 24. Qxc5 Rxc5 25. c4 d4 26. Rxd4
Rxd4 27. Rxd4 Kf8 28. f3 Ke7 29. Kf2 h6 30. Ke3 g5 31. Kd3 b6 32. c3 Bf5+ 33.
Ke3 Be6 34. g3 f6 35. Re4 Kd6 36. hxg5 hxg5 37. Kd4 Bf7 38. Re1 a5 39. Rd1 Ke7
40. a3 Kd6 41. Rh1 Ke7 42. Rh8 a4 43. Ba2 Rf5 44. Ke3 Re5+ 45. Kf2 Bg6 46. f4
gxf4 47. gxf4 Re4 48. c5 bxc5 49. Rh4 Kd6 50. Bb1 Kd5 51. Bxe4+ Bxe4 52. f5
Bxf5 53. Rxa4 Bc2 54. Rh4 c4 55. Ke3 f5 56. Rh8 Kc5 57. Rb8 Ba4 58. Kf4 Bd7 59.
Rb4 Bc8 60. a4 Bd7 61. a5 Bc8 62. Rb8 Ba6 63. Kxf5 Bb5 64. Ke6 Ba6 65. Ke5 Bb5
66. Rc8+ Bc6 67. a6 Kb6 68. a7 1-0

[Event "XXV Festival Conca della Presolana A"]
[Site "Bratto - Castione della Presolana ITA"]
[Date "2005.08.25"]
[Round "6"]
[White "Drasko, Milan"]
[Black "Maiorov, Nikita"]
[Result "1/2-1/2"]
[WhiteElo "2516"]
[BlackElo "2453"]
[PlyCount "46"]
[EventDate "2005.08.20"]

1. Nf3 Nf6 2. g3 d5 3. Bg2 c6 4. O-O Bg4 5. d3 Nbd7 6. c4 e6 7. cxd5 cxd5 8.
Nc3 Be7 9. h3 Bxf3 10. Bxf3 Ne5 11. Bg2 O-O 12. a3 Rc8 13. Bd2 Ra8 14. Bc1 Nc6
15. Bd2 Qd7 16. Bc1 Qd8 17. Bd2 Qd7 18. b4 Qd8 19. Bc1 Qd7 20. Bb2 Rfc8 21. e4
dxe4 22. dxe4 Ne5 23. Nd5 exd5 1/2-1/2

[Event "XXV Festival Conca della Presolana A"]
[Site "Bratto - Castione della Presolana ITA"]
[Date "2005.08.25"]
[Round "6"]
[White "Drazic, Sinisa"]
[Black "Mazzilli, Piero"]
[Result "1-0"]
[WhiteElo "2497"]
[BlackElo "2341"]
[PlyCount "51"]
[EventDate "2005.08.20"]

1. d4 d5 2. c4 e6 3. Nc3 c6 4. e4 dxe4 5. Nxe4 Bb4+ 6. Bd2 Qxd4 7. Bxb4 Qxe4+
8. Be2 c5 9. Bxc5 Qxg2 10. Qd6 Nd7 11. O-O-O Qg5+ 12. Be3 Qe5 13. Qa3 Ne7 14.
Nf3 Qc7 15. Nd4 a6 16. Rhg1 Ng6 17. h4 Nf4 18. Bf1 Nd5 19. Nxe6 fxe6 20. Rxg7
Qe5 21. Bd4 Qf4+ 22. Rd2 Qxh4 23. cxd5 e5 24. Qe3 Qf6 25. Rxd7 Kxd7 26. Bxe5
1-0

[Event "XXV Festival Conca della Presolana A"]
[Site "Bratto - Castione della Presolana ITA"]
[Date "2005.08.25"]
[Round "6"]
[White "Dvirnyy, Danyyil"]
[Black "Miatello, Alberto"]
[Result "1-0"]
[WhiteElo "2141"]
[BlackElo "2095"]
[PlyCount "55"]
[EventDate "2005.08.20"]

1. e4 c5 2. Nf3 e6 3. d4 cxd4 4. Nxd4 Nc6 5. c4 Nf6 6. Nc3 Bb4 7. Nxc6 bxc6 8.
Bd3 e5 9. Bd2 O-O 10. O-O Bb7 11. Qb3 c5 12. a3 Bxc3 13. Bxc3 Bxe4 14. Bxe5 Bc6
15. Bd6 Re8 16. Rfe1 Re6 17. Rxe6 dxe6 18. Rd1 Nd7 19. Qc2 f5 20. b4 cxb4 21.
axb4 Qg5 22. Bf1 f4 23. b5 Bf3 24. Rd2 e5 25. c5 Bxg2 26. Bxg2 f3 27. Qb3+ Kh8
28. Qxf3 1-0

[Event "XXV Festival Conca della Presolana A"]
[Site "Bratto - Castione della Presolana ITA"]
[Date "2005.08.25"]
[Round "6"]
[White "Fuggetta, Leonardo"]
[Black "Capone, Vincenzo"]
[Result "1/2-1/2"]
[WhiteElo "2048"]
[BlackElo "2123"]
[PlyCount "29"]
[EventDate "2005.08.20"]

1. c4 g6 2. Nf3 Bg7 3. Nc3 Nf6 4. d4 O-O 5. e4 d6 6. h3 e5 7. d5 Na6 8. Bg5 h6
9. Be3 Nc5 10. Nd2 a5 11. a3 a4 12. Bxc5 dxc5 13. Nxa4 b6 14. Nc3 Ne8 15. Nb5
1/2-1/2

[Event "XXV Festival Conca della Presolana A"]
[Site "Bratto - Castione della Presolana ITA"]
[Date "2005.08.25"]
[Round "6"]
[White "Giretti Kanev, Jasen"]
[Black "Buchicchio, Giampaolo"]
[Result "0-1"]
[WhiteElo "2183"]
[BlackElo "2326"]
[PlyCount "62"]
[EventDate "2005.08.20"]

1. d4 d5 2. Nf3 Nf6 3. Bg5 Nbd7 4. e3 g6 5. Nbd2 Bg7 6. Bd3 O-O 7. O-O c5 8. c3
Qb6 9. Qb3 Qc7 10. c4 dxc4 11. Qxc4 Qb6 12. d5 Qxb2 13. Rab1 Qa3 14. e4 a6 15.
Rb3 Qxa2 16. e5 Ng4 17. Qxg4 Nxe5 18. Qg3 Nxd3 19. Rxd3 Bf5 20. Re3 Qxd5 21.
Rxe7 a5 22. Rfe1 a4 23. R7e5 Qd3 24. R1e3 Qd7 25. Nh4 Bc2 26. Rc3 f6 27. Rexc5
fxg5 28. Rxc2 gxh4 29. Qxh4 a3 30. Rc7 Qd4 31. Qg3 a2 0-1